000 00678nam a2200217 a 4500
001 002230
003 BD-ChCU
008 Ben
020 _a
040 _aDLC
_cDLC
_dBD-ChCU
082 0 0 _a৩৯৪.০৯৫৪১৪/বি-ঘো-প
100 1 _aঘোষ, বিনয়
_b-
245 1 0 _aপশ্চিম বঙ্গের সংস্কৃতি
_b-
250 _a***
260 _aকলিকাতা
_bপ্রকাশ ভবন
_c১৯৯১
300 _a**
504 _a- Biblio-
650 0 _aসংস্কৃতি
_bপশ্চিম বঙ্গের সংস্কৃতি-ইতহিাস
700 1 _a-
942 _2ddc
_cBK
999 _c2230
_d2230